000 00669nam a2200205Ia 4500
001 15537
003 GE_BSU
008 181216s||||||||xx |||||||||||||| ||und||
040 _cGE_BSU
080 _a821.161.1-32
100 _aბილ-ბელოცერკოვსკი, ვ.
245 _aრჩეული მოთხრობები
245 _cთარგმანი ერასტი ტოროტაძისა
260 _aთბილისი
260 _bსაბჭ. საქართველო
260 _c1958
300 _a232 გვ.21 სმ.
653 _aრჩეული მოთხრობები
942 _cBK
999 _c48637
_d48637